Znižovanie nerovnosti medzi krajinami a medzinárodné organizácie

Zisťovanie ako sa mocenské pomery v Medzinárodnom menovom fonde a Svetovej obchodnej organizácii prejavujú v ich politike. Napriek posilňovaniu postavenia rozvojových krajín v medzinárodných finančných a obchodných inštitúciách sa nedá očakávať zásadná zmena v pomere síl rozvinutých a rozvojových št...

Descrizione completa

Salvato in:
Dettagli Bibliografici
Autore principale: Kurucz, Milan, 1954-
Natura: Capitolo di libro
Lingua:slovacco
Soggetti:
Tags: Aggiungi Tag
Nessun Tag, puoi essere il primo ad aggiungerne!!

MARC

LEADER 00000nla a2200000 4500
001 0241155
005 20240502073926.1
041 0 |a slo 
044 |a SK 
245 1 0 |a Znižovanie nerovnosti medzi krajinami a medzinárodné organizácie  |c Milan Kurucz 
520 |a Zisťovanie ako sa mocenské pomery v Medzinárodnom menovom fonde a Svetovej obchodnej organizácii prejavujú v ich politike. Napriek posilňovaniu postavenia rozvojových krajín v medzinárodných finančných a obchodných inštitúciách sa nedá očakávať zásadná zmena v pomere síl rozvinutých a rozvojových štátoch v systéme riadenia týchto organizácií. 
610 2 0 |a politika medzinárodná 
610 2 0 |a projekty medzinárodné 
610 2 0 |a Organizácia spojených národov 
610 2 0 |a rozvoj trvalo udržateľný 
610 2 0 |a nerovnosť 
610 2 0 |a Medzinárodný menový fond 
610 2 0 |a Svetová obchodná organizácia 
100 1 |a Kurucz, Milan, 1954-